00727nam a2200253 a 450000500170000000800410001704000250005804100130008304400070009608200170010310000240012024500480014424600530019226000520024530000120029765000230030965000160033265000170034865000100036565000290037565000240040465000180042870000270044620191224041603.0140227b1999 ck ||||| |||| 00| 0 spa d aCO-BoIAVHcCO-BoIAVH aspaheng ack04a582.1bJ826f aJorgensen, Peter M. aCatalogue of the vascular plants of Ecuador aCatálogo de las plantas vasculares del Ecuador aSan LuisbMissouri Botanical Garden Pressc1999 a1181 p. aPlantas vasculares aInventarios aVegetación aClima aColecciones biológicas aTaxonomía vegetal aSistemática aLeón Yánez, Susana